| 000 | 00625nam a2200229Ia 4500 | ||
|---|---|---|---|
| 005 | 20260429112312.0 | ||
| 008 | 260429s9999||||xx |||||||||||||| ||und|| | ||
| 020 | _a9788120417861 | ||
| 041 | _aEnglish | ||
| 082 |
_a338.1 _bRED |
||
| 100 | _aReddy, S. Subba | ||
| 245 | 0 |
_aAgricultural economics / _cS. Subba Reddy |
|
| 250 | _a2nd ed. | ||
| 260 |
_aNew Delhi : _bOxford and IBH Publishing Co. Pvt. Ltd., _c2026. |
||
| 300 | _axxii, 697 p.; pbk | ||
| 650 | _a Agriculture | ||
| 650 | _aEconomics | ||
| 700 | _a Devi, I. Bhavani | ||
| 700 | _a Ram, P. Raghu | ||
| 700 | _a Sastry, T. V. Neelakanta | ||
| 942 | _cTB | ||
| 999 |
_c53386 _d53386 |
||